Hoja Caldera 2700-7030
Saved in:
| Institution som forfatter: | |
|---|---|
| Format: | Bog |
| Sprog: | spansk |
| Udgivet: |
Santiago
Servicio Nacional de Geología y Minería
1982
|
| Serier: | Carta Magnética de Chile, 8
|
| Fag: | |
| Tags: |
Tilføj Tag
Ingen Tags, Vær først til at tagge denne postø!
|
MARC
| LEADER | 00000nam a2200000 a 4500 | ||
|---|---|---|---|
| 001 | UCK1457 | ||
| 003 | CL-VaPUC | ||
| 008 | 041112e19820000CL |||||||||||||||||spa|d | ||
| 082 | 0 | 4 | |a 558.3 |b SER |2 21 |
| 110 | 2 | |a Servicio Nacional de Geología y Minería |e author |9 489311 | |
| 245 | 1 | 0 | |a Hoja Caldera 2700-7030 |
| 942 | |c BK | ||
| 945 | |d 20041112 00:00:00 |a cmena | ||
| 260 | |a Santiago |b Servicio Nacional de Geología y Minería |c 1982 | ||
| 500 | |a Escala: 1:100.000 | ||
| 650 | 7 | |a MAPAS GEOFISICOS |2 CL-VaPUC |9 489312 | |
| 650 | 0 | |a Recursos naturales |9 255232 | |
| 650 | 7 | |a RECURSOS MINERALES |2 CL-VaPUC |9 351120 | |
| 651 | 7 | |a REGION 03 |2 CL-VaPUC |9 264198 | |
| 583 | |a last modification |c 20041112 00:00:00 |k Rodrigo Vera | ||
| 490 | 0 | |a Carta Magnética de Chile, 8 | |
| 999 | |c 311426 |d 311424 | ||
| 952 | |0 0 |1 0 |4 0 |6 558_300000000000000_SER_1982 |7 0 |8 F |9 380809 |a BIBING |b BIBING |d 2019-11-21 |i 4041399 |o 558.3 SER 1982 |p 4041399 |r 2025-01-20 |w 2019-11-21 |y BK_F |k GEO | ||